000 00261nam a2200109Ia 4500
008 231219s9999 xx 000 0 und d
041 _aeng
100 _aJerome Joseph
245 _aIndustrial Relations
260 _bSage Pub. New Delhi
650 _aManagement
999 _c980303
_d980303